00606cam a22002178a 45000010009000000050017000090080041000260100017000670200030000840350020001140400023001340410008001570420008001650600010001730800017001830820021002001000006002211010008002272450102002355040051003371692256320180316042723.0110815s2011 nyua b 001 0 eng  a 2011034490 a9781621004523 (hardcover) a(DNLM)101566945 aDNLM/DLCcDLCdDLC aeng apcc10aQU 34 a610.28 nin00a610.28 nin223 a5 abio00aBiochemistry and biotechnology :ceditors, Sergey D. Varfolomeev, G.E. Zaikov, Larisa P. Krylova. aIncludes bibliographical references and index.